Statystyki dla WYMIEŃ WSZYSTKIE ZIELONE MOBY MINECRAFT

Kliknij tutaj aby rozwiązać quiz!

Ogólne statystyki

  • Ten quiz został rozwiązany 257 razy
  • Średni wynik to 4 z 7

Statystyki odpowiedzi

0Odpowiedź% Poprawnych
1ZOMBIE
94%
2CREEPER
93%
5SLIME
55%
6ZOMBIE VILLAGER
31%
4ŻÓŁW
29%
7OWCA
27%
3BABY ZOMBIE
26%

Rozkład punktacji

Percentyl według liczby udzielonych odpowiedzi

Procent ludzi z każdym wynikiem

Twoja historia wyników

Nie rozwiązałeś tego quizu